[Event "Tata Steel TCh-Asia"]
[Site "Kolkata IND"]
[Date "2009.12.25"]
[Round "4"]
[White "Kalugampitiya,R"]
[Black "Ahmed,J BAN"]
[Result "1-0"]
[WhiteElo "2135"]
[BlackElo "2150"]

1.e4 c5 2.Nf3 a6 3.d4 cxd4 4.Nxd4 e6 5.Nc3 Qc7 6.Be2 Nf6 7.O-O b5 8.e5 Qxe5
9.Bf3 Ra7 10.Re1 Qc7 11.Be3 Bc5 12.b4 Bxb4 13.Ncxb5 axb5 14.Nxb5 Qa5 15.Nxa7 Ba6
16.c3 Bxc3 17.Qb3 Bxa1 18.Qxb8+ Ke7 19.Nc6+ dxc6 20.Qa7+ Nd7 21.Rxa1 Qb5
22.Rd1 Qb7 23.Qd4 Rc8 24.Qxg7 Qb5 25.Bg5+ Ke8 26.Qh8+ Nf8 27.Qf6 Qxg5 28.Bxc6+ Nd7
29.Qh8+ Qg8 30.Qxg8+ Ke7 31.Rxd7+ Kf6 32.Qxf7+  1-0

[Event "11th Christmas Open"]
[Site "Litomysl CZE"]
[Date "2009.12.26"]
[Round "1"]
[White "Richter,Du"]
[Black "Kanovsky,D"]
[Result "1/2-1/2"]
[WhiteElo "2065"]
[BlackElo "2471"]

1.e4 c5 2.Nf3 e6 3.d4 cxd4 4.Nxd4 a6 5.Nc3 Qc7 6.Be2 b5 7.O-O Bb7 8.Bf3 d6
9.Qe2 Nd7 10.g3 Ngf6 11.Bg2 Be7 12.f4 O-O 13.a3 Rfe8 14.f5 e5 15.Nb3 Rac8
16.g4 d5 17.exd5 Nb6 18.Rd1 e4 19.g5 Nfxd5 20.Nxe4 Nf4 21.Bxf4 Qxf4 22.Rf1 Qe5
23.Nf6+ Bxf6 24.Qxe5 Bxe5 25.Bxb7 Rxc2 26.Bxa6 Nd5 27.Bxb5 Rb8 28.a4 Rxb2
29.Rab1 Ra2 30.Rf3 Nc3 31.Re1 Bxh2+ 32.Kh1 Nxb5 33.axb5 Bd6 34.Rd3 Bf8 35.Rd5 g6
36.Nd4 Rd2 37.fxg6 hxg6 38.Rb1 Bg7 39.Nc6 Rxd5 40.Ne7+ Kf8 41.Nxd5 Be5  1/2-1/2

[Event "Tata Steel TCh-Asia"]
[Site "Kolkata IND"]
[Date "2009.12.27"]
[Round "6"]
[White "Edirisinghe,D"]
[Black "Moradiabadi,E"]
[Result "0-1"]
[WhiteElo "2137"]
[BlackElo "2560"]

1.e4 c5 2.Nf3 e6 3.Nc3 a6 4.d4 cxd4 5.Nxd4 Qc7 6.Be2 Nf6 7.O-O d6 8.Be3 b5
9.a3 Bb7 10.Bf3 Nbd7 11.Qe2 Be7 12.Rad1 O-O 13.g4 Ne5 14.g5 Nxf3+ 15.Qxf3 Nd7
16.Qg4 Ne5 17.Qg3 Nc4 18.Bc1 Rac8 19.Rd3 Qc5 20.Nb3 Qc7 21.Nd4 g6 22.h4 Rfe8
23.h5 Bf8 24.Qh3 Bg7 25.Rfd1 Qb6 26.Nde2 Qc5 27.Kf1 Rcd8 28.Be3 Nxe3+ 29.Qxe3 Qc4
30.hxg6 hxg6 31.f3 Qc7 32.f4 Qc6 33.Nd4 Qc4 34.Kf2 e5 35.fxe5 Rxe5 36.Nf3 Re6
37.b3 Qc7 38.R1d2 Rde8 39.Nd5 Bxd5 40.Rxd5 Rxe4 41.Qd3 Qb6+ 42.Kg2 Re3  0-1

[Event "Tata Steel TCh-Asia w"]
[Site "Kolkata IND"]
[Date "2009.12.27"]
[Round "6"]
[White "Nadig,K"]
[Black "Hamid,R"]
[Result "1-0"]
[WhiteElo "2255"]
[BlackElo "2051"]

1.e4 c5 2.Nf3 e6 3.d4 cxd4 4.Nxd4 a6 5.Nc3 Qc7 6.Be2 Nf6 7.O-O Be7 8.a4 Nc6
9.Be3 O-O 10.f4 d6 11.Kh1 Nxd4 12.Bxd4 e5 13.Be3 exf4 14.Bxf4 Be6 15.Nd5 Bxd5
16.exd5 Rac8 17.c4 Qb6 18.Bd3 Rc7 19.Qd2 Rd7 20.Bf5 Rdd8 21.Bg5 Qc7 22.Bd3 Ng4
23.Rac1 Ne5 24.Bb1 Bxg5 25.Qxg5 Rde8 26.b4 Qd7 27.a5 Qa4 28.Qd2 Qd7 29.c5 dxc5
30.bxc5 f5 31.Ba2 Kh8 32.d6 Ng4 33.Rfe1 Nf6 34.h3 Re4 35.Bb1 Ree8 36.Qd4 Re6
37.Kh2 Qe8 38.Rxe6 Qxe6 39.Bd3 Ng4+ 40.Kh1 Qe5 41.Qxe5 Nxe5 42.Be2 Kg8 43.Bd1 Kf7
44.Bb3+ Kf6 45.Bd5 Nd3 46.Rc3 Nf2+ 47.Kg1 Ne4 48.Rc4 Rc8 49.Bxb7 Rxc5 50.Rd4 Rc1+
51.Kh2 Nc5 52.Bc8 Ke5 53.Rd2 Ra1 54.d7 Ne6 55.Re2+  1-0

[Event "11th Christmas Open"]
[Site "Litomysl CZE"]
[Date "2009.12.27"]
[Round "2"]
[White "Pecha,T"]
[Black "Bernasek,J"]
[Result "1/2-1/2"]
[WhiteElo "2236"]
[BlackElo "2476"]

1.e4 c5 2.Nf3 e6 3.d4 cxd4 4.Nxd4 a6 5.Nc3 b5 6.Bd3 d6 7.Qe2 Nf6 8.O-O Be7
9.Bd2 O-O 10.a4 b4 11.Na2 Qb6 12.Nb3 Nc6 13.a5 Qb8 14.f4 Bd8 15.Kh1 e5 16.Qe1 exf4
17.Nxb4 Nxb4 18.Bxb4 Re8 19.Qd2 d5 20.e5 Rxe5 21.Nd4 Bd7 22.Bc3 Rh5 23.Nf3 Ng4
24.Bd4 Qd6 25.Kg1 Bc7 26.Rae1 Ne3 27.Rf2 Re8 28.Rfe2 Bb8 29.c3 Bg4 30.Rxe3 fxe3
31.Rxe3 Re6 32.g3 Qe7 33.Kg2 Ba7 34.Rxe6 fxe6 35.Ne5 Bh3+ 36.Kf3 Bxd4 37.cxd4 Bf5
38.Kg2 Bxd3 39.Qxd3 Qb7 40.Qe2 Rh6 41.h4 Rf6 42.Ng4 Rf7 43.Qxe6 Qd7 44.Qe2 Qf5
45.Ne5 Rb7 46.g4 Qe4+ 47.Qxe4 dxe4 48.Kf2 Rb3 49.h5 h6 50.Ke2 Kf8 51.Nd7+ Ke7
52.Nc5 Rxb2+ 53.Ke3 Ra2 54.Nxa6 Rxa5 55.Nc5 Ra1 56.Nxe4 Ke6 57.Ng3 Rg1 58.Kf4 Kf6
59.Ne4+ Ke6 60.Ng3 Rd1 61.Ke3 Ra1 62.Kf3 Ra3+ 63.Kf4 Rd3 64.Nf5 Kf6 65.Ke4 Rd1
66.d5 Re1+ 67.Kf4 Rf1+ 68.Ke4 Ra1 69.d6 Rd1 70.Kf4 Rd5 71.Ke4 Re5+ 72.Kd4 Re1
73.Kd5 Rd1+ 74.Kc6 g6 75.hxg6 Kxg6 76.d7 Rxd7 77.Kxd7 Kg5 78.Nxh6 Kxh6 79.g5+ Kxg5  1/2-1/2

[Event "IX Gema Open"]
[Site "Mondariz ESP"]
[Date "2009.12.28"]
[Round "5"]
[White "Outerelo Ucha,M"]
[Black "Korneev,O"]
[Result "0-1"]
[WhiteElo "2150"]
[BlackElo "2571"]

1.e4 c5 2.Nf3 e6 3.d4 cxd4 4.Nxd4 a6 5.Nc3 Qc7 6.Be2 b5 7.O-O Bb7 8.Bf3 Nc6
9.Nxc6 dxc6 10.Qe2 Bd6 11.g3 Nf6 12.Rd1 Be5 13.Bg2 c5 14.Nb1 Rd8 15.Rxd8+ Qxd8
16.Nd2 O-O 17.Nf3 Bb8 18.Nd2 c4 19.Nf1 Be5 20.c3 Qa8 21.f3 Nd7 22.Be3 Qc8
23.Qf2 Bd6 24.Rd1 Be7 25.Qe2 Nc5 26.Kh1 Nd3 27.Bg1 Rd8 28.Ne3 Ne5 29.Rxd8+ Qxd8
30.Nd1 a5 31.a3 h6 32.Be3 Nd3 33.Kg1 b4 34.axb4 axb4 35.cxb4 Bxb4 36.Nf2 Ba6
37.Bf1 Qf6 38.Nxd3 cxd3 39.Qf2 Qd8 40.Bd2 Qa5 41.Bxb4 Qxb4 42.Qa7 d2 43.Qd7 Qc5+
44.Kg2 Bxf1+ 45.Kxf1 Qc1+ 46.Ke2 Qe1+  0-1

[Event "26th Open"]
[Site "Travemuender GER"]
[Date "2009.12.28"]
[Round "3"]
[White "Heinemann,E"]
[Black "Zakhartsov,Vi"]
[Result "0-1"]
[WhiteElo "2199"]
[BlackElo "2562"]

1.e4 c5 2.Nf3 e6 3.Nc3 a6 4.d4 cxd4 5.Nxd4 d6 6.Bd3 Nf6 7.O-O Nbd7 8.Be3 Qc7
9.f4 b5 10.a3 Bb7 11.Qe2 g6 12.f5 gxf5 13.exf5 e5 14.Ne6 Qc8 15.Nxf8 Rxf8
16.Qd2 Rg8 17.Rf2 d5 18.Re1 Qc7 19.Bxb5 axb5 20.Nxb5 Qc6 21.Qb4 Ne4 22.f6 Ndxf6
23.Rxf6 Qxf6 24.Nc7+ Kd7 25.Qxb7 Rxg2+ 26.Kh1 Rxh2+ 27.Kxh2 Qh4+ 28.Kg2 Qg3+
29.Kf1 Qf3+  0-1

[Event "11th Christmas Open"]
[Site "Litomysl CZE"]
[Date "2009.12.30"]
[Round "6"]
[White "Bulski,K"]
[Black "Bernasek,J"]
[Result "0-1"]
[WhiteElo "2416"]
[BlackElo "2476"]

1.e4 c5 2.Nf3 e6 3.d4 cxd4 4.Nxd4 a6 5.Nc3 b5 6.Bd3 Bb7 7.O-O Ne7 8.e5 Nbc6
9.Nxc6 Bxc6 10.Bf4 Ng6 11.Bg3 Be7 12.Qh5 O-O 13.Rad1 b4 14.Ne4 Qa5 15.Nd2 f5
16.f4 Bb5 17.Qe2 Rfc8 18.Nb3 Qxa2 19.Bxb5 axb5 20.Qxb5 Nf8 21.Rb1 Rxc2 22.Ra1 Qxb3
23.Rxa8 Bc5+ 24.Bf2 Bxf2+ 25.Kh1 Qd5  0-1

[Event "11th Christmas Open"]
[Site "Litomysl CZE"]
[Date "2010.01.01"]
[Round "8"]
[White "Olsarova,T"]
[Black "Jedlicka,A"]
[Result "1/2-1/2"]
[WhiteElo "2164"]
[BlackElo "2320"]

1.e4 c5 2.Nf3 e6 3.d4 cxd4 4.Nxd4 a6 5.Nc3 b5 6.Bd3 Qc7 7.O-O Nf6 8.Kh1 Bb7
9.Qe2 d6 10.Nd1 Be7 11.c3 O-O 12.f3 Nbd7 13.Nf2 Ne5 14.Bc2 Rfc8 15.g4 Nc6
16.Nxc6 Qxc6 17.a3 a5 18.Bd3 Ba6 19.a4 b4 20.Bd2 Bxd3 21.Nxd3 b3 22.Be3 Qc4
23.Nf4 d5 24.Qxc4 Rxc4 25.e5 Nd7 26.Nd3 Bd8 27.Ra3 Rb8 28.Kg2 Be7 29.Raa1 f6
30.Bd4 Rbc8 31.Rfe1 Kf7 32.Re2 Bc5 33.Nxc5 Nxc5 34.Bxc5 R8xc5 35.exf6 Kxf6
36.Ra3 d4 37.Rxb3 dxc3 38.bxc3 Rxa4 39.Rb6 Re5 40.Rxe5 Kxe5 41.Rb7 Kf6 42.Ra7  1/2-1/2

[Event "11th Christmas Open"]
[Site "Litomysl CZE"]
[Date "2010.01.01"]
[Round "8"]
[White "Blazkova,P"]
[Black "Bures,J"]
[Result "0-1"]
[WhiteElo "2178"]
[BlackElo "2300"]

1.e4 c5 2.Nc3 e6 3.Nf3 a6 4.d4 cxd4 5.Nxd4 Qc7 6.g3 Bb4 7.Ne2 Nf6 8.Bg2 Be7
9.O-O Nc6 10.a4 d6 11.h3 O-O 12.g4 b6 13.Ng3 Bb7 14.g5 Nd7 15.f4 b5 16.Re1 Rfd8
17.Nd5 exd5 18.exd5 Nb4 19.c3 Nxd5 20.Kh2 Nxc3 21.bxc3 Bxg2 22.Rxe7 Bb7 23.Nf5 Qc5
24.Qg4 Qf2+  0-1

[Event "Meister Open"]
[Site "Basel SUI"]
[Date "2010.01.02"]
[Round "3"]
[White "Milosevic,Go"]
[Black "Meijers,V"]
[Result "0-1"]
[WhiteElo "2380"]
[BlackElo "2470"]

1.e4 c5 2.Nf3 e6 3.Nc3 a6 4.d4 cxd4 5.Nxd4 b5 6.Bd3 Bb7 7.O-O b4 8.Nce2 Nf6
9.Ng3 h5 10.Re1 h4 11.Nf1 h3 12.g3 Nc6 13.Nxc6 Bxc6 14.e5 Nd5 15.Nd2 Qc7
16.Nc4 Bb7 17.Qg4 O-O-O 18.b3 f5 19.exf6 Nxf6 20.Qf4 Qc6 21.f3 Bc5+ 22.Be3 Nd5
23.Qe5 Nxe3 24.Nxe3 Rhf8 25.Rf1 Qb6 26.Rae1 Bd4 27.Qg5 Bxf3 28.Rf2 Bb7 29.Kf1 Qc6  0-1

[Event "Meister Open"]
[Site "Basel SUI"]
[Date "2010.01.02"]
[Round "3"]
[White "Haener,P"]
[Black "Perman,T"]
[Result "1-0"]
[WhiteElo "2199"]
[BlackElo "2055"]

1.Nf3 c5 2.e4 e6 3.d4 cxd4 4.Nxd4 a6 5.Nc3 Qc7 6.Be2 b5 7.a3 Bb7 8.O-O Nf6
9.Bd3 Nc6 10.Nxc6 Bxc6 11.Qe2 Bd6 12.f4 Bc5+ 13.Kh1 O-O 14.Be3 Bxe3 15.Qxe3 d6
16.Qh3 g6 17.Rae1 Nd7 18.Re3 Rae8 19.Qh6 Nc5 20.f5 f6 21.fxg6 Re7 22.Rg3 hxg6
23.e5 dxe5 24.Qxg6+ Rg7 25.Qh7+  1-0

[Event "22nd Open"]
[Site "Staufer GER"]
[Date "2010.01.02"]
[Round "1"]
[White "Teske,H"]
[Black "Knoedler,K"]
[Result "1-0"]
[WhiteElo "2547"]
[BlackElo "1911"]

1.e4 c5 2.Nf3 e6 3.d4 cxd4 4.Nxd4 a6 5.Nc3 Qc7 6.Bd3 Be7 7.f4 Nc6 8.Nxc6 Qxc6
9.Be3 Bc5 10.Bxc5 Qxc5 11.Qg4 g6 12.O-O-O Nf6 13.Qh4 Qe7 14.e5 Nd5 15.Qxe7+ Nxe7
16.Ne4 Nd5 17.Nd6+ Ke7 18.Be4 Ne3 19.Rd3 Ng4 20.Rd2 Rb8 21.h3 Nh6 22.Rhd1 Rd8
23.g4 a5 24.c4 b6 25.a3 Ba6 26.b4 axb4 27.axb4 f5 28.exf6+  1-0

[Event "22nd Open"]
[Site "Staufer GER"]
[Date "2010.01.02"]
[Round "3"]
[White "Teske,H"]
[Black "Hahn,C"]
[Result "1-0"]
[WhiteElo "2547"]
[BlackElo "2199"]

1.e4 c5 2.Nf3 e6 3.d4 cxd4 4.Nxd4 a6 5.Nc3 b5 6.g4 Bb7 7.Bg2 Bc5 8.Be3 Qb6
9.O-O Nc6 10.Nf5 exf5 11.Nd5 Qa7 12.Nc7+ Kd8 13.Bxc5 Qxc5 14.Nxa8 Bxa8 15.gxf5 Nf6
16.Qd2 h6 17.Rad1 Ke7 18.b4 Nxb4 19.e5 Nfd5 20.a3 Nxc2 21.Bxd5 Qxd5 22.Qxd5 Bxd5
23.Rxd5 Nxa3 24.Rfd1 Rd8 25.Rd6 a5 26.f6+ gxf6 27.exf6+ Ke8 28.R1d4 Nc4 29.Rg4 Kf8
30.Rd5 d6 31.Rxb5 Ne5 32.Rg7 Nd7 33.Rb7 a4 34.Ra7 d5 35.Rh7 Kg8 36.Rg7+ Kf8
37.Kf1 d4 38.Rh7 Kg8 39.Rg7+ Kf8 40.Ke1 d3 41.Kd1 d2 42.f4 h5 43.Rh7 Kg8
44.Rxh5 Nxf6 45.Rg5+ Kf8 46.Rxa4 Nd5 47.Rg3 Nf6 48.Rc4 Re8 49.Rh3 Kg7 50.Kxd2 Ne4+
51.Kc2 Nd6 52.Rb4 f5 53.Rd3 Rc8+ 54.Rc3 Re8 55.Rc7+ Kf8 56.Rb6 Rd8 57.Rc5 Ke7
58.Re5+ Kf7 59.Rd5 Nc4 60.Rxd8  1-0

[Event "ZVO Open"]
[Site "Borovo CRO"]
[Date "2010.01.03"]
[Round "3"]
[White "Mrgan,F"]
[Black "Martinovic,Sl"]
[Result "0-1"]
[WhiteElo "1890"]
[BlackElo "2440"]

1.e4 c5 2.Nf3 e6 3.d4 cxd4 4.Nxd4 a6 5.Nc3 Qc7 6.Be3 Bb4 7.Qd2 Nf6 8.f3 d5
9.exd5 Nxd5 10.Nde2 Nxe3 11.Qxe3 O-O 12.O-O-O Nd7 13.Ne4 Be7 14.h4 Nf6 15.N2c3 Bd7
16.Bd3 Bc6 17.Kb1 Rad8 18.Rd2 Rfe8 19.Nxf6+ Bxf6 20.Ne4 Bd4 21.Qe2 h6 22.c3 Be5
23.Rhd1 Bf4 24.Rc2 Rd5 25.g3 Bxg3 26.Nxg3 Qxg3 27.Qe4 Rf5 28.Qg4 Rxf3 29.Qxg3 Rxg3  0-1

[Event "ch-AUS"]
[Site "Sydney AUS"]
[Date "2010.01.03"]
[Round "2"]
[White "Hamilton,D"]
[Black "Nakauchi,G"]
[Result "0-1"]
[WhiteElo "2193"]
[BlackElo "2081"]

1.e4 c5 2.Nf3 e6 3.d4 cxd4 4.Nxd4 a6 5.Nc3 b5 6.Bd3 Qb6 7.Nb3 Qc7 8.O-O Bb7
9.Qe2 Be7 10.a3 d6 11.f4 Nd7 12.Kh1 Ngf6 13.Bd2 O-O 14.Rf3 Rfe8 15.Rg3 e5
16.Rf1 Rad8 17.fxe5 dxe5 18.Bh6 g6 19.Qf3 Bf8 20.Rh3 Bxh6 21.Rxh6 Kg7 22.Rh3 Qb6
23.Qe2 Re6 24.Rhf3 Rf8 25.Nd2 Nh5 26.Nd5 Bxd5 27.exd5 Ree8 28.Qe3 Qxe3 29.Rxe3 Nf4
30.c4 Nc5 31.Bc2 bxc4 32.Nxc4 Nxd5 33.Rxe5 Rxe5 34.Nxe5 Ne3 35.Rf2 Re8 36.Nf3 Rd8
37.h3 Nd1 38.Bxd1 Rxd1+ 39.Kh2 Ne4 40.Rc2 f5 41.h4 h5 42.Rc7+ Kf6 43.Rc6+ Rd6
44.Rc4 Ke6 45.Ng5+ Nxg5 46.hxg5 Ke5 47.Ra4 f4 48.Kh3 Kf5 49.Ra5+ Ke4 50.Ra4+ Ke3
51.Rc4 Rd5 52.Rc3+ Rd3 53.Rc6 Ke4+ 54.Kh2 Kf5 55.Rxa6 Rb3 56.Ra5+ Kg4 57.Rc5 Rxb2
58.Rc3 Ra2 59.Kg1 Kxg5 60.Rb3 Kf5 61.Kf1 g5 62.Rb5+ Kg4 63.Rb3 h4 64.Rc3 Kh5
65.Rf3 Kg6 66.Rb3 g4 67.Rb4 Kf5 68.Rb5+ Ke4 69.Rb4+ Ke3 70.Rb3+ Kd2 71.Rb4 g3
72.Rd4+ Ke3  0-1

[Event "Meister Open"]
[Site "Basel SUI"]
[Date "2010.01.04"]
[Round "6"]
[White "Speck,H"]
[Black "Perman,T"]
[Result "1/2-1/2"]
[WhiteElo "2057"]
[BlackElo "2055"]

1.e4 c5 2.Nf3 e6 3.d4 cxd4 4.Nxd4 a6 5.Nc3 Qc7 6.Be2 b5 7.Bf3 Bb7 8.O-O d6
9.a3 Nf6 10.Re1 Nbd7 11.Bg5 Be7 12.Bxf6 Nxf6 13.e5 dxe5 14.Bxb7 Qxb7 15.Rxe5 Rd8
16.Qf3 Qxf3  1/2-1/2

[Event "15th Open"]
[Site "Bosnjaci CRO"]
[Date "2010.01.06"]
[Round "6"]
[White "Filipovic,Iv"]
[Black "Zuko,R"]
[Result "1-0"]
[WhiteElo "1971"]
[BlackElo "2126"]

1.e4 c5 2.Nf3 e6 3.d4 cxd4 4.Nxd4 a6 5.Nc3 b6 6.Be3 Bb7 7.f3 b5 8.Qd2 Nf6
9.O-O-O Be7 10.g4 d6 11.g5 Nfd7 12.h4 Nc6 13.f4 Nxd4 14.Qxd4 O-O 15.Rg1 Qc7
16.f5 exf5 17.exf5 f6 18.Nd5 Bxd5 19.Qxd5+ Kh8 20.g6 Rac8 21.Rd2 Ne5 22.Qg2 hxg6
23.fxg6 Qc6 24.Qh3 f5 25.Bg2 Qc4 26.Bd5 Qb4 27.Rg5 Ng4 28.Rh5+ Nh6 29.Bxh6 gxh6
30.Rxh6+ Kg7 31.Rh7+ Kf6 32.Qe3  1-0

[Event "2nd Kirov Memorial Open"]
[Site "Blagoevgrad BUL"]
[Date "2010.01.11"]
[Round "1"]
[White "Gantar,J"]
[Black "Velikov,P"]
[Result "0-1"]
[WhiteElo "2077"]
[BlackElo "2433"]

1.e4 c5 2.Nf3 e6 3.Nc3 a6 4.d4 cxd4 5.Nxd4 b5 6.g3 Bb7 7.Bg2 Nf6 8.Qe2 Qb6
9.Nb3 Qc7 10.O-O d6 11.Bf4 Nbd7 12.Rfe1 Ne5 13.Nd1 Be7 14.c3 O-O 15.Nd4 Rfc8
16.Nf3 Ng6 17.Nd2 Nxf4 18.gxf4 g6 19.Bf3 Bf8 20.Ne3 Bh6 21.f5 Re8 22.fxg6 hxg6
23.Ng4 Nxg4 24.Bxg4 Bf4 25.Nf1 Kg7 26.Red1 Rh8 27.Rd3 Qc5 28.Qf3 Qe5 29.Qg2 Rh4
30.Rh3 Rah8 31.Rxh4 Rxh4 32.Bf3 b4 33.Rb1 a5 34.Ng3 Ba6 35.cxb4 axb4 36.Rd1 Kf8
37.b3 Qb2 38.e5 Qxe5 39.Bb7 Bxb7 40.Qxb7 Kg7 41.Qa8 Qb2 42.Qa7 Be5 43.Rf1 Rd4
44.Kh1 Qc2 45.Qb7 Qxa2 46.Qf3 Qc2 47.Rg1 Bxg3 48.Qxg3 Qe4+ 49.f3 Qf4 50.Qh3 Rd3  0-1

[Event "II Dunav-Drava-Sava"]
[Site "Borovo CRO"]
[Date "2010.01.12"]
[Round "3"]
[White "Vukoje,V"]
[Black "Markovic,L"]
[Result "1-0"]
[WhiteElo "2315"]
[BlackElo "2245"]

1.e4 c5 2.Nf3 a6 3.d4 cxd4 4.Nxd4 e6 5.Nc3 Qc7 6.Be2 Nf6 7.O-O b5 8.e5 Qxe5
9.Bf3 Ra7 10.Re1 Qc7 11.Be3 Bc5 12.b4 Bxb4 13.Ncxb5 axb5 14.Nxb5 Qa5 15.Nxa7 Ba6
16.c3 Bxc3 17.Qb3 Bxa1 18.Qxb8+ Ke7 19.Nc6+ dxc6 20.Qa7+ Nd7 21.Rxa1 Qb5
22.Rd1 Qb7 23.Qd4 Rc8 24.Qxg7 Qb5 25.Bg5+ Ke8 26.Qh8+ Nf8 27.Qf6 Qxg5  1-0

[Event "ch-AUS"]
[Site "Sydney AUS"]
[Date "2010.01.12"]
[Round "10"]
[White "Solomon,SJ"]
[Black "Johansen,D"]
[Result "0-1"]
[WhiteElo "2428"]
[BlackElo "2453"]

1.e4 c5 2.Nf3 e6 3.d4 cxd4 4.Nxd4 a6 5.Nc3 Ne7 6.f4 Nbc6 7.Be2 b5 8.O-O Nxd4
9.Qxd4 Nc6 10.Qf2 Be7 11.Be3 Bb7 12.Rad1 O-O 13.Bf3 d6 14.e5 d5 15.Bxd5 exd5
16.Nxd5 Qc8 17.f5 Bd8 18.Qg3 Kh8 19.e6 f6 20.Bc5 Re8 21.b4 Ne5 22.Rf4 Bxd5
23.Rxd5 Be7 24.Rfd4 Bxc5 25.bxc5 Qc6 26.Rxe5 fxe5 27.Qxe5 Rac8 28.Rd5 Qc7
29.Qd4 Qe7 30.h4 Rg8 31.Kh2 h6 32.Kh3 Qf6 33.c3 Rgd8 34.Qxf6 gxf6 35.Rd7 Rg8
36.Rd5 h5 37.g3 Rc7 38.Kg2 Rgc8 39.Rd7 Rxc5 40.e7 Re8 41.Rd8 Rc8 42.Rd6 Kg7  0-1

[Event "ch-AUS"]
[Site "Sydney AUS"]
[Date "2010.01.13"]
[Round "11"]
[White "Morris,J"]
[Black "Nakauchi,G"]
[Result "1/2-1/2"]
[WhiteElo "2305"]
[BlackElo "2081"]

1.e4 c5 2.Nf3 e6 3.d4 cxd4 4.Nxd4 a6 5.Nc3 Qc7 6.Bd3 Be7 7.O-O b6 8.Qe2 Bb7
9.Bd2 d6 10.f4 Nd7 11.Kh1 Ngf6 12.Rae1 O-O 13.b4 g6 14.a3 Rfe8 15.e5 Nd5
16.Nxd5 Bxd5 17.c4 Bb7 18.Qg4 Bf8 19.Nf3 Bg7 20.Ng5 Nf8 21.Bc3 Rad8 22.exd6 Qxd6
23.Bxg7 Kxg7 24.Rd1 Qc7 25.Qe2 f6 26.Ne4 f5 27.Ng5 e5 28.Bb1 h6 29.Nf3 exf4
30.Qb2+ Kh7 31.Rxd8 Qxd8 32.Qf2 Be4 33.Ba2 Qd3 34.c5 bxc5 35.bxc5 Nd7 36.Re1 Nf6
37.h3 Bxf3 38.Rxe8 Bxg2+ 39.Kxg2 Nxe8 40.Qxf4 Qc2+ 41.Qf2 Qxf2+ 42.Kxf2 Kg7
43.Ke3 Kf6 44.Kd4 g5 45.Kd5 g4 46.hxg4 fxg4 47.Kc6 Ke7 48.Bc4 g3 49.Bf1 Nf6
50.Kb6 Kd8 51.Kb7  1/2-1/2

[Event "ch-POL"]
[Site "Warsaw POL"]
[Date "2010.01.13"]
[Round "5"]
[White "Stopa,Ja"]
[Black "Olszewski,Mi"]
[Result "0-1"]
[WhiteElo "2494"]
[BlackElo "2562"]

1.e4 c5 2.Nf3 e6 3.d4 cxd4 4.Nxd4 a6 5.Nc3 Qc7 6.Be3 Nf6 7.Bd3 Nc6 8.O-O Ne5
9.h3 Bc5 10.Kh1 d6 11.Qd2 O-O 12.Rae1 Ng6 13.f4 Bd7 14.Qf2 Qb6 15.Nb3 Bxe3
16.Qxe3 Qxe3 17.Rxe3 e5 18.f5 Ne7 19.g4 Rfd8 20.Na5 Rab8 21.Bc4 b6 22.Nb3 b5
23.Bd3 Bc6 24.Na5 Ba8 25.g5 Nh5 26.f6 gxf6 27.gxf6 Ng6 28.Nd5 Kh8 29.Nc7 Ngf4
30.Nxa6 Rbc8 31.Nb4 Nxf6 32.Kh2 d5 33.exd5 N6xd5 34.Nxd5 Nxd3 35.Nc3 Nxb2
36.Rxf7 Rg8 37.Rf2 b4  0-1

[Event "TCh-AUT 2009-10"]
[Site "Graz AUT"]
[Date "2010.01.14"]
[Round "4"]
[White "Schiestl,J"]
[Black "Radnetter,G"]
[Result "0-1"]
[WhiteElo "2118"]
[BlackElo "2232"]

1.e4 c5 2.Nf3 e6 3.d4 cxd4 4.Nxd4 a6 5.Nc3 Qc7 6.Bd3 Nf6 7.f4 b5 8.Qe2 Bb7
9.Bd2 b4 10.Nd1 d5 11.e5 Ne4 12.Bxe4 dxe4 13.Be3 Nd7 14.Nf2 Bc5 15.O-O Rc8
16.Rac1 O-O 17.Rfd1 Rfd8 18.c3 Qb8 19.Nb3 Bxe3 20.Qxe3 bxc3 21.Rxc3 f5 22.exf6 Nxf6
23.Rxc8 Qxc8 24.Rxd8+ Qxd8 25.Nc5 Qb6 26.Qd4 Bd5 27.a3 Qa5 28.Qc3 Qxc3 29.bxc3 e3
30.Nfd3 Bc4  0-1

[Event "8th Parsvnath Open"]
[Site "New Delhi IND"]
[Date "2010.01.14"]
[Round "1"]
[White "Iuldachev,S"]
[Black "Shetye,Sh"]
[Result "1-0"]
[WhiteElo "2519"]
[BlackElo "1874"]

1.e4 c5 2.Nc3 a6 3.Nf3 e6 4.d4 cxd4 5.Nxd4 d6 6.Be2 Nf6 7.f4 Qc7 8.Bf3 Be7
9.O-O O-O 10.g4 Nc6 11.Nxc6 bxc6 12.g5 Ne8 13.Be3 d5 14.Na4 Rb8 15.c4 Nd6
16.cxd5 Nc4 17.Bc1 cxd5 18.b3 dxe4 19.Bxe4 Qa7+ 20.Rf2 Ne3 21.Qe2 Nf5 22.Bb2 Bd6
23.Qd2 Bb4 24.Qe2 Rd8 25.Rd1 Bb7 26.Bxb7 Qxb7 27.Rff1 Qa7+ 28.Qf2 Qxf2+ 29.Kxf2 Rbc8
30.Bc3 Bxc3 31.Nxc3 Kf8 32.Rxd8+ Rxd8 33.Rd1 Rxd1 34.Nxd1 Ke7 35.Ne3 Nd4
36.Nc4 f6 37.Ke3 Nc6 38.a3 Kd7 39.Ke4 Ne7 40.Ne3 Kc6 41.Kd4 Ng6 42.gxf6 gxf6
43.Ng4 Nxf4 44.Nxf6  1-0

[Event "46th ch-CUB"]
[Site "Ciego de Avila CUB"]
[Date "2010.01.15"]
[Round "3"]
[White "Corrales Jimenez,F"]
[Black "Arencibia Rodriguez,W"]
[Result "1/2-1/2"]
[WhiteElo "2602"]
[BlackElo "2516"]

1.e4 c5 2.Nf3 e6 3.d4 cxd4 4.Nxd4 a6 5.Nc3 Qc7 6.Bd3 Nf6 7.O-O Bc5 8.Be3 d6
9.Qe2 O-O 10.Kh1 b5 11.a4 b4 12.Nb1 Bb7 13.Nd2 Nbd7 14.f4 Ba7 15.Rae1 Nc5
16.Bg1 d5 17.e5 Nfe4 18.b3 f6 19.Nxe4 dxe4 20.Bc4 Kh8 21.Nxe6 Nxe6 22.Bxa7 fxe5
23.fxe5 Nf4 24.Qe3 Qxe5 25.Bc5 Rf5 26.Bd4 Qc7 27.Rf2 Raf8 28.Ref1 Qd6 29.c3 bxc3
30.Bxc3 h6 31.Bb2 Kh7 32.g3 Qc5 33.Bc1 Nh3 34.Rxf5 Rxf5 35.Kg2 Qc8 36.Rxf5 Qxf5
37.Be2 Ng5 38.g4 Qc8 39.Bb2 Nf3 40.Qf4 Nh4+ 41.Kf1 Qd7 42.Bc3 Ng6 43.Qf5 Qc7
44.Bd4 Qd6 45.Bg1 Kh8 46.Be3 Bd5 47.b4 Nh4 48.Qh5 Qf6+ 49.Kg1 Bf7 50.Qc5 Nf3+
51.Kg2 Qb2 52.Qc8+ Kh7 53.Qxa6 Ne5 54.Kf1 Qb1+ 55.Kf2 Qc2 56.Kg3 Bc4 57.Bxc4 Nxc4
58.g5 hxg5 59.Qe6 Nxe3 60.Qh3+ Kg8 61.Qe6+ Kf8 62.Qd6+ Kf7 63.Qd7+ Kf6 64.Qd4+ Kf5
65.Qxe3 Qxa4 66.Qc5+ Kg6 67.Qc3 Qb5 68.Qb3 Qe5+ 69.Kg2 e3 70.Qd3+ Kh6 71.Qe2 Qe4+
72.Kg1 g4 73.b5 Kg5 74.Qb2 g6 75.b6 e2 76.Qc1+ Kh5 77.Qe1 Qe3+ 78.Kg2 Qf3+
79.Kg1 g3 80.hxg3 Kg4 81.Kh2 Qe4  1/2-1/2

[Event "8th Parsvnath Open"]
[Site "New Delhi IND"]
[Date "2010.01.15"]
[Round "3"]
[White "Abhishek,D"]
[Black "Kotsur,P"]
[Result "1-0"]
[WhiteElo "2326"]
[BlackElo "2568"]

1.e4 c5 2.Nf3 e6 3.d4 cxd4 4.Nxd4 a6 5.Nc3 Qc7 6.g3 Nc6 7.Bg2 Nf6 8.Be3 d6
9.O-O Be7 10.a4 O-O 11.Kh1 Rb8 12.f4 Re8 13.e5 dxe5 14.fxe5 Nxe5 15.Bf4 Nfd7
16.Re1 g5 17.Qh5 gxf4 18.Nxe6 Qd6 19.gxf4 Ng6 20.Ng5 Nf6 21.Qh6 Bf5 22.Nd5 Rbd8
23.Rad1 Nxf4 24.Rxe7 Bg6 25.Ne6 Qxe6 26.Rxe6 N6xd5 27.Rxe8+ Rxe8 28.Bxd5 Nxd5
29.Rxd5  1-0

[Event "ch-POL"]
[Site "Warsaw POL"]
[Date "2010.01.15"]
[Round "7"]
[White "Dragun,K"]
[Black "Gajewski,G"]
[Result "1/2-1/2"]
[WhiteElo "2300"]
[BlackElo "2568"]

1.e4 c5 2.Nf3 e6 3.d4 cxd4 4.Nxd4 a6 5.Nc3 Qc7 6.Bd3 Nf6 7.Be3 Nc6 8.O-O Bd6
9.Nxc6 bxc6 10.f4 e5 11.f5 Bb7 12.Qf3 Bb4 13.a3 Bxc3 14.bxc3 c5 15.Qg3 Rg8
16.Rfb1 d6 17.Qh4 Ke7 18.Rb2 Rab8 19.Rab1 Bc6 20.g4 h6 21.g5 hxg5 22.Bxg5 Rh8
23.Rxb8 Rxb8 24.Rxb8 Qxb8 25.Qh7 Qf8 26.h4 c4 27.Bxc4 Bxe4 28.h5 Qc8 29.Qxg7 Qc5+
30.Kf1 Qxc4+ 31.Kf2 Qc5+ 32.Ke2 Bf3+ 33.Kd2 Qf2+ 34.Kc1 Qg1+ 35.Kb2 Qb6+
36.Kc1 Qg1+ 37.Kb2 Qb6+ 38.Kc1 Bxh5 39.Qxf6+ Kd7 40.Qe7+ Kc6 41.Qe8+ Kb7
42.Be7 Qg1+ 43.Kb2 Qb6+ 44.Kc1 Qg1+  1/2-1/2

[Event "TCh-AUT 2009-10"]
[Site "Graz AUT"]
[Date "2010.01.17"]
[Round "7"]
[White "Wittmann,W"]
[Black "Siebrecht,S"]
[Result "0-1"]
[WhiteElo "2293"]
[BlackElo "2474"]

1.e4 c5 2.Nf3 e6 3.d4 cxd4 4.Nxd4 a6 5.Nc3 Qc7 6.Bd3 Nf6 7.f4 d6 8.Qf3 Be7
9.g4 Nc6 10.Nxc6 Qxc6 11.g5 Nd7 12.a4 b6 13.Bd2 Bb7 14.h4 Qc7 15.h5 f5 16.Rh3 fxe4
17.Nxe4 d5 18.Nc3 O-O 19.h6 g6 20.Qe3 e5 21.fxe5 Nxe5 22.O-O-O Bc5 23.Qe1 Rae8
24.Qh1 Nxd3+ 25.cxd3 Bd4 26.Kb1 Qd7 27.Rh4 Bf2 28.Rf4 Rxf4 29.Bxf4 d4 30.Ne4 Rxe4
31.dxe4 Qg4 32.Qf1 Qxf4 33.Qc4+ Kf8 34.Qb4+ Ke8 35.Qxb6 Qxe4+ 36.Ka1 d3 37.Qb3 Bd5
38.Qb8+ Kd7  0-1

[Event "GMA"]
[Site "Marianske Lazne CZE"]
[Date "2010.01.18"]
[Round "3"]
[White "Oparin,G"]
[Black "Thinius,M"]
[Result "1-0"]
[WhiteElo "2343"]
[BlackElo "2380"]

1.e4 c5 2.Nf3 e6 3.d4 cxd4 4.Nxd4 a6 5.Nc3 Qc7 6.Be2 b5 7.O-O Bb7 8.Re1 Nc6
9.Be3 Nf6 10.Nxc6 dxc6 11.f4 Bb4 12.e5 Bxc3 13.bxc3 Ne4 14.c4 O-O 15.Bd3 c5
16.Qf3 Ng5 17.Qg4 bxc4 18.Bxc4 Ne4 19.Rad1 Rad8 20.h4 Bd5 21.Bf1 f5 22.exf6 Rxf6
23.h5 Rdf8 24.c4 Ba8 25.Bc1 Qf7 26.Rd3 Rf5 27.Be2 Nf6 28.Qh3 Nxh5 29.Bg4 g6
30.Bxf5 exf5 31.Qe3 Be4 32.Rd6 Qxc4 33.Bb2 Rb8 34.Be5 Qc2 35.Re2 Rb1+ 36.Kh2 Qc1
37.Qxc1 Rxc1 38.Red2 g5 39.Rd8+ Kf7 40.R2d7+ Ke6 41.Rd6+ Ke7 42.R8d7+ Ke8
43.Rxh7 Nxf4 44.Bf6  1-0

[Event "8th Parsvnath Open"]
[Site "New Delhi IND"]
[Date "2010.01.19"]
[Round "8"]
[White "Dzhumaev,M"]
[Black "Dimakiling,O"]
[Result "1-0"]
[WhiteElo "2515"]
[BlackElo "2435"]

1.e4 c5 2.Nf3 e6 3.Nc3 a6 4.d4 cxd4 5.Nxd4 d6 6.Be3 b5 7.f3 Nd7 8.Qd2 Qc7
9.O-O-O Ngf6 10.Bd3 h5 11.Kb1 Rb8 12.Rhe1 Nb6 13.Qf2 b4 14.Nce2 g6 15.h3 Bg7
16.g4 hxg4 17.hxg4 d5 18.e5 Nfd7 19.Nxe6 fxe6 20.Bxg6+ Kf8 21.f4 Nc4 22.Bd4 Kg8
23.Ng3 Rh6 24.Bd3 Ndb6 25.f5 Na4 26.f6 Bf8 27.g5 Nc3+ 28.Ka1 Qa5 29.bxc3 Kh8
30.f7 Qa3 31.Rb1 Rb5 32.Rb3  1-0